000 00471nam a2200193Ia 4500
008 101110s9999 xx 000 0 und d
041 _aENGLISH
082 _bSR6589
_a657
100 _aSarkar N.
245 _aBook Keeping & Accountancy Ed.2
365 _b25
520 _aCommerce
546 _aENGLISH
630 _aBook Keeping & Accountancy Ed.2
650 _aCommerce
655 _aCommerce
730 _aBook Keeping & Accountancy Ed.2
942 _cBOOK
999 _c802441
_d802438